| 000 | 01200cam a2200253 4500 | ||
|---|---|---|---|
| 001 | J128966 | ||
| 008 | 050307n1926 000 0 eng u | ||
| 035 | _a(Sirsi) u128966 | ||
| 041 | _aeng | ||
| 050 |
_a720 _c18 |
||
| 100 | _aForrest, G. Topham | ||
| 245 |
_aSurvey of London volume 10 _bthe parish of St Margaret, Westminster (part one) |
||
| 260 |
_aLondon _bBatsford _c1926 |
||
| 300 |
_axvii, 159p. _bill. _c30cm. |
||
| 490 |
_aSurvey of London Main Series _v10 |
||
| 520 | _aThis volume of the "Survey of London", English Heritage's detailed architectural and topographical study, describes the area around Parliament Square. 11 Great George Street is described together with 12 and 13 Great George Street, which stood on the site of the present RICS headquarters. Lists previous owners and occupiers of the three properties. Includes photographs and maps together with plans, sections and elevations of selected buildings. | ||
| 590 | _aSOL, GGS | ||
| 650 | 2 | 4 | _a11 GREAT GEORGE STREET |
| 650 | 2 | 4 | _a12 GREAT GEORGE STREET |
| 690 | _aBUILT ENVIRONMENT-CONSTRUCTION DESIGN | ||
| 700 |
_aCox, Montague H. _xGeneral Editor |
||
| 700 |
_aNorman, Philip _xGeneral Editor |
||
| 942 | _n0 | ||
| 999 |
_c104054 _d104054 |
||